Przez jakie powiaty przepływa ta rzeka? #1 - Statystyki

Ogólne statystyki
  • Ten quiz został rozwiązany 90 razy
  • Średni wynik to 34 z 54
Statystyki odpowiedzi
rzeka powiat % Poprawnych
Warszawa
100%
Kraków
95%
krakowski
90%
Toruń
88%
gdański
86%
toruński
86%
Płock
84%
włocławski
81%
bydgoski
79%
płocki
79%
Grudziądz
78%
sandomierski
78%
Włocławek
78%
tczewski
76%
Bydgoszcz
74%
grudziądzki
74%
nowodworski
74%
puławski
72%
oświęcimski
71%
legionowski
67%
wadowicki
67%
bielski
66%
Wisła cieszyński
66%
otwocki
66%
warszawski zachodni
66%
wielicki
64%
chełmiński
62%
kwidzyński
62%
świecki
62%
bocheński
60%
garwolińśki
60%
piaseczyński
60%
Wisła tarnobrzeski
60%
kazimierski
55%
Tarnobrzeg
55%
tarnowski
55%
kozienicki
53%
płoński
53%
sztumski
53%
buski
52%
dąbrowski
52%
brzeski
50%
lipnowski
50%
opolski
50%
rycki
50%
lipski
47%
mielecki
47%
opatowski
47%
proszowicki
47%
pszczyński
47%
staszowski
45%
bieruńsko-lędziński
40%
Wisła sochaczewski
36%
kraśnicki
34%
Nie znaleziono quizów pasujących do podanych kryteriów
Rozkład punktacji
Procent ludzi z każdym wynikiem
Percentyl według liczby udzielonych odpowiedzi
Twoja historia wyników
Nie rozwiązałeś tego quizu